| 000 | 00470nam a2200157 a 4500 | ||
|---|---|---|---|
| 001 | 000026068 | ||
| 005 | 20200930024257.0 | ||
| 008 | 110228s1974 ve 000 0 spa d | ||
| 040 |
_aDO-SdBNP _bspa _cBNPHU |
||
| 082 | _axxxx | ||
| 245 | 0 | 0 |
_aHerman de Las Casas (1901-1947) : _bSu obra escrita / _ccompilador Pablo Izaguirre. |
| 260 |
_aCaracas, Venezuela : _bCromotip, _c1974. |
||
| 500 | _aIncluye índice | ||
| 700 | 1 |
_aIzaguirre, Pablo _ecomp. _953009 |
|
| 049 | _aBNGR | ||
| 999 |
_c25560 _d25560 |
||